Schaum's outline of theory and problems of software engineering (Record no. 16062)

MARC details
000 -LEADER
fixed length control field 00493nam a2200169Ia 4500
008 - FIXED-LENGTH DATA ELEMENTS--GENERAL INFORMATION
fixed length control field 230917s9999||||xx |||||||||||||| ||und||
020 ## - ISBN
Price RS575
040 ## - CATALOGING SOURCE
-- 228406
Original cataloging agency VIVEKANANDA LIBRARY
041 ## - Language
-- English
082 ## - DDC NUMBER
Classification number 005.1 G978S
100 ## - MAIN ENTRY--PERSONAL NAME
Personal name Gustafson, David A
245 #0 - TITLE STATEMENT
Title Schaum's outline of theory and problems of software engineering
260 ## - PUBLICATION, DISTRIBUTION, ETC. (IMPRINT)
Place of publication, distribution, etc New Delhi
Name of publisher, distributor, etc McGraw Hill Education
Date of publication, distribution, etc 2011
300 ## - PHYSICAL DESCRIPTION
Pages ix, 223 p.
500 ## - GENERAL NOTE
General note 2119 17/09/2015 HBD15/1006 17/11/2015 Main Budget
942 ## - ADDED ENTRY ELEMENTS (KOHA)
Koha item type Books
Holdings
Withdrawn status Lost status Damaged status Not for loan Location (home branch) Sublocation or collection (holding branch) Date acquired Koha issues (times borrowed) Koha full call number Accession No. Koha date last seen Koha item type
        VIVEKANANDA LIBRARY VIVEKANANDA LIBRARY 04/12/2015   005.1 G978S 355322 17/09/2023 Books
        VIVEKANANDA LIBRARY VIVEKANANDA LIBRARY 04/12/2015   005.1 G978S 355323 17/09/2023 Books
        VIVEKANANDA LIBRARY VIVEKANANDA LIBRARY 04/12/2015   005.1 G978S 355324 17/09/2023 Books
© Designed and Maintained by Vivekananda Library, MDU Rohtak